| 000 | 00631nam a22001937a 4500 | ||
|---|---|---|---|
| 005 | 20251108172245.0 | ||
| 008 | 250721s1988 xx 000 0 ara d | ||
| 082 | 1 | 4 | _a801.953/روب |
| 100 | 1 | _aروبير، مارت | |
| 245 | 1 | 0 |
_aرواية الأصول و أصول الرواية : _bالرواية و التحليل النفسي / |
| 264 | 1 |
_aدمشق : _bإتحاد الكتاب العرب، _c1988. |
|
| 300 | _a445ص. | ||
| 650 | 1 | 7 | _aالرواية |
| 650 | 1 | 7 | _aالتاريخ الأدبي |
| 650 | 1 | 7 | _aالنقد الأدبي |
| 700 | 1 |
_aأسعد، وجيه _eترجمة |
|
| 942 |
_2ddc _cBK |
||
| 999 |
_c74399 _d74399 |
||